Representation. Cultural representations and signifying practices
Guardat en:
| Autor principal: | |
|---|---|
| Format: | Llibre |
| Idioma: | anglès |
| Publicat: |
London, United Kingdom
SAGE Publications
1997
|
| Col·lecció: | Culture, Media and Identities
|
| Matèries: | |
| Etiquetes: |
Afegir etiqueta
Sense etiquetes, Sigues el primer a etiquetar aquest registre!
|
MARC
| LEADER | 00000cam a2200000 a 4500 | ||
|---|---|---|---|
| 001 | UCC9811 | ||
| 003 | CL-VaPUC | ||
| 005 | 20240125113204.0 | ||
| 008 | 191111e19970000uk eng d | ||
| 999 | |c 167667 |d 167665 | ||
| 020 | |a 0761954325 | ||
| 040 | |c Pontificia Universidad Católica de Valparaíso | ||
| 082 | 0 | 4 | |a 306 HAL 1997 |2 21 |
| 100 | |a Hall, Stuart |e author |9 605136 | ||
| 245 | 1 | 0 | |a Representation. |b Cultural representations and signifying practices |
| 260 | |a London, United Kingdom |b SAGE Publications |c 1997 | ||
| 300 | |a 400 páginas | ||
| 490 | 0 | |a Culture, Media and Identities | |
| 583 | |a last modification |c 20191111 01:17:00 |k cmena | ||
| 650 | 0 | 0 | |a Antropología cultural y social |9 265143 |
| 650 | 0 | 0 | |a Representación social |2 CL-VaPUC |9 565295 |
| 852 | |a BIBCUR | ||
| 942 | |c BK |2 ddc | ||
| 945 | |a dcastane |d 20191111 01:17:00 | ||
| 952 | |0 0 |1 0 |3 erb |4 0 |6 306_000000000000000_HAL_1997 |7 0 |8 A |9 495414 |a BIBEDU |b BIBEDU |d 2019-10-17 |e 1 |g 83307.00 |i 5565006 |l 1 |o 306 HAL 1997 |p 5565006 |r 2025-05-07 |s 2025-05-07 |v 83307.00 |w 2020-01-06 |y BK |z Catalogado en:20191111 |k LIT | ||